000 00829nam a2200289Ia 4500
001 5939
003 IT-RoPAU
008 130308s9999 xx 000 0 und d
040 _aIT-RoPAU
040 _cIT-RoPAU
041 _aITALIANO
100 _aGoux Jean-Joseph
100 _gCodice Aut. SPICS: 5905
245 _aFeticcio dell'economia politica (Il)-Feticcio, idolo, utopia: non rappresentazione
245 _bFeticismo, Linguaggio, Afasia-Matematica dell'Inconscio
250 _a1a ed.
260 _aVENEZIA/PADOVA
260 _bMarsilio
260 _c1977 [1° Ed.:1977 - Ed.Ling.Originale:1977]
300 _a"13 p. (prefazione: no ; testo: 13 [pagine: 30-42])"
650 _aSAGGI DI PSICOLOGIA
650 _eCodice materia Spics: 3607
942 _cBK
957 _71
999 _c42353
_d42353
999 _bSI
999 _g1